नवाब सरफ़राज़ / (Record no. 116984)

MARC details
000 -LEADER
fixed length control field 00887nam a22002537a 4500
005 - DATE AND TIME OF LATEST TRANSACTION
control field 20170124103047.0
010 ## - LIBRARY OF CONGRESS CONTROL NUMBER
LC control number A-373315
020 ## - INTERNATIONAL STANDARD BOOK NUMBER
Terms of availability 35.00
035 ## - SYSTEM CONTROL NUMBER
System control number A-373315
037 ## - SOURCE OF ACQUISITION
Source of stock number/acquisition Cen Lib/Ret
040 ## - CATALOGING SOURCE
Original cataloging agency DPL
Language of cataloging HN
082 ## - DEWEY DECIMAL CLASSIFICATION NUMBER
Classification number
Item number शरण
100 ## - MAIN ENTRY--PERSONAL NAME
Personal name शरण
9 (RLIN) 69386
245 ## - TITLE STATEMENT
Title नवाब सरफ़राज़ /
Statement of responsibility, etc शरण
246 ## - VARYING FORM OF TITLE
Title proper/short title Nawab Sarfaraz /
Remainder of title by Sharan
260 ## - PUBLICATION, DISTRIBUTION, ETC. (IMPRINT)
Place of publication, distribution, etc दिल्ली
Name of publisher, distributor, etc साहित्य प्रचारक
Date of publication, distribution, etc 1989
270 ## - ADDRESS
Address 3011 बल्लीमारान
City दिल्ली
Postal code 110006
300 ## - PHYSICAL DESCRIPTION
Extent 136पृ.
Dimensions 17सेमी(सजिल्द)
650 ## - SUBJECT ADDED ENTRY--TOPICAL TERM
Topical term or geographic name as entry element हिंदी साहित्य
General subdivision
Geographic subdivision
9 (RLIN) 69387
650 ## - SUBJECT ADDED ENTRY--TOPICAL TERM
Topical term or geographic name as entry element हिंदी -- उपन्यास
9 (RLIN) 69388
650 ## - SUBJECT ADDED ENTRY--TOPICAL TERM
Topical term or geographic name as entry element Hindi literature
Form subdivision
9 (RLIN) 69389
650 ## - SUBJECT ADDED ENTRY--TOPICAL TERM
Topical term or geographic name as entry element Hindi -- fiction
9 (RLIN) 27248
942 ## - ADDED ENTRY ELEMENTS (KOHA)
Source of classification or shelving scheme Dewey Decimal Classification
Koha item type Hindi Books
Classification part
Call number suffix शरण
Holdings
Withdrawn status Lost status Damaged status Not for loan Home library Current library Date acquired Source of acquisition Cost, normal purchase price Total Checkouts Full call number Barcode Date last seen Copy number Cost, replacement price Price effective from Koha item type
        Central Library Central Library 26/08/2015 Cen Lib/Ret 35.00   उ शरण A-373315 26/08/2015 1 35.00 26/08/2015 Hindi Books

© Delhi Public Library
Hit Counter
free hit counter